01268nam a22002417a 450000500170000000800410001704000250005804100080008304400070009110000180009824501130011626000310022930000460026052003670030665000600067365000510073365000320078470000240081670000250084070000310086570000330089677300970092920150630131939.0150630b2006 ck ||||| |||| 00| 0 spa d aCO-BoIAVHcCO-BoIAVH aspa ack1 aSalaman, Paul1 aBiología y ecología del Loro Orejiamarillo Ognorhynchus icterotis en ColombiacPaul Salaman... [et. al.] aBogotá:bProAves,c2006. aAño 2006, Nro 2, Diciembre, Pag. 12-33. aHasta hoy día, el Proyecto Loro Orejiamarillo ha llevado a cabo una serie de diferentes estudios relacionados con la biología y la ecología de este (Ognorhynchus icterotis) en las diferentes zonas de estudio en Antioquia y Tolima, las cuales se han vuelto la base para definir las acciones de conservación tendientes a proteger una especie tan amenazada. 4aPapagayoxConservación biológicazAndes Colombianos 4aLoros amenazadosxplanes de acciónzColombia 4aPapagayozAndes Colombianos1 aQuevedo-Gil, Alonso1 aMayorquín, Adriana1 aCastaño, José Fernando1 aFlórez Brand, Pablo Emilio0 dBogotá : Fundación ProAves, 2006-o038446tRevista Conservación Colombianax19001592